000 00383nam a2200157Ia 4500
003 OSt
005 20240306101306.0
008 170523s9999 xx 000 0 und d
020 _a978-9350245996
040 _ciimtu meerut
100 _aCHUNAWALA- SA
245 0 _aFOUNDATION OF ADVANCE THEORY AND PRACTICE
260 _bHIMALAYA PUBLICATION
260 _c2002
942 _2ddc
_c02
999 _c968
_d968